[Event "Treviso op-C 4th"]
[Site "Treviso"]
[Date "2023.04.01"]
[Round "2"]
[White "Lazzarini, Giovanni"]
[Black "Bardi, Enrico"]
[Result "0-1"]
[WhiteElo "1111"]
[BlackElo "1281"]
[PlyCount "70"]
[EventDate "2023.03.31"]
[EventType "swiss"]
[EventRounds "5"]
[EventCountry "ITA"]
[SourceTitle "EXT 2024"]
[Source "ChessBase"]
[SourceDate "2023.10.10"]
[SourceVersion "1"]
[SourceVersionDate "2023.10.10"]
[SourceQuality "1"]

1. e4 e5 2. Nf3 Nc6 3. Bb5 a6 4. Ba4 Bc5 5. 0-0 Nge7 6. d3 d6 7. h3 Be6 8. Re1 0-0 9. Be3 Bxe3 10. Rxe3 f5 11. Ng5 Bd7 12. Bb3+ d5 13. exd5 Nd4 14. d6+ Nxb3 15. dxe7 Qxe7 16. axb3 f4 17. Re2 Qxg5 18. f3 Bxh3 19. Nc3 Bf5 20. Qd2 Qf6 21. Rae1 Rae8 22. Nd5 Qd6 23. c4 Bg6 24. Qc3 c6 25. Nb4 Qc5+ 26. Rf2 Rf5 27. Nc2 Rd8 28. b4 Qe7 29. d4 exd4 30. Nxd4 Re5 31. Rfe2 Rxe2 32. Rxe2 Qf6 33. Rd2 Re8 34. Rd1 Re3 35. Rd3 Bxd3 0-1

[Event "Treviso op-C 4th"]
[Site "Treviso"]
[Date "2023.04.01"]
[Round "3"]
[White "Lazzarini, Giovanni"]
[Black "Ombrella, Massimo"]
[Result "1-0"]
[WhiteElo "1111"]
[BlackElo "1347"]
[PlyCount "67"]
[EventDate "2023.03.31"]
[EventType "swiss"]
[EventRounds "5"]
[EventCountry "ITA"]
[SourceTitle "EXT 2024"]
[Source "ChessBase"]
[SourceDate "2023.10.10"]
[SourceVersion "1"]
[SourceVersionDate "2023.10.10"]
[SourceQuality "1"]

1. e4 c6 2. d4 d5 3. Nc3 dxe4 4. Nxe4 Bf5 5. Bd3 Qxd4 6. Nf3 Qd8 7. 0-0 Nd7 8. Qe2 Bxe4 9. Bxe4 Ngf6 10. Bf4 Nxe4 11. Qxe4 Nf6 12. Qa4 g6 13. Rfd1 Qc8 14. Ne5 Bg7 15. Qb4 Nd5 16. Qd2 Nxf4 17. Qxf4 Qe6 18. Nd3 Qd6 19. Qxd6 exd6 20. Re1+ Kd7 21. Rad1 Kc7 22. Re7+ Kb6 23. Rxf7 Bd4 24. c3 Bc5 25. b4 Bxf2+ 26. Nxf2 d5 27. a4 Rae8 28. a5+ Ka6 29. Nd3 b6 30. Ra1 Rhf8 31. Rxh7 Re3 32. axb6+ Kxb6 33. Nc5 Rfe8 34. Rb7# 1-0

[Event "Treviso op-C 4th"]
[Site "Treviso"]
[Date "2023.03.31"]
[Round "1"]
[White "Gorza, Simone"]
[Black "Lazzarini, Giovanni"]
[Result "0-1"]
[WhiteElo "999"]
[BlackElo "1111"]
[PlyCount "96"]
[EventDate "2023.03.31"]
[EventType "swiss"]
[EventRounds "5"]
[EventCountry "ITA"]
[SourceTitle "EXT 2024"]
[Source "ChessBase"]
[SourceDate "2023.10.10"]
[SourceVersion "1"]
[SourceVersionDate "2023.10.10"]
[SourceQuality "1"]

1. d4 Nf6 2. c4 g6 3. Nc3 Bg7 4. e4 d6 5. Nf3 0-0 6. Be3 Nbd7 7. Qd2 Re8 8. Bd3 e5 9. d5 c6 10. Bg5 Nb6 11. h4 Qc7 12. Bh6 cxd5 13. cxd5 Bd7 14. Qg5 Qd8 15. h5 Bxh6 16. Qxh6 Nxh5 17. Ng5 Qf6 18. g4 Nf4 19. Be2 Qh8 20. Bb5 a6 21. Ba4 Nxa4 22. Nxf7 Qg7 23. Ng5 Qxh6 24. Rxh6 Re7 25. 0-0-0 Nxc3 26. bxc3 Bxg4 27. Rdh1 Nh5 28. Kd2 Rc8 29. Rf1 Rec7 30. f3 Bd7 31. Rxh7 Bb5 32. Rxc7 Rxc7 33. Rg1 Be8 34. Ne6 Re7 35. Kd3 Bf7 36. c4 Bxe6 37. Rxg6+ Kf7 38. Rxe6 Rxe6 39. dxe6+ Kxe6 40. a4 b6 41. Ke3 Nf4 42. Kd2 Kd7 43. Kc3 Kc6 44. Kb4 Nd3+ 45. Kc3 Ne1 46. Kb4 Nxf3 47. a5 bxa5+ 48. Kxa5 Kc5 0-1

[Event "Veneto Province-ch 82nd"]
[Site "Ceregnano"]
[Date "2023.01.28"]
[Round "3.8"]
[White "Tiozzo, Fabio"]
[Black "Lazzarini, Giovanni"]
[Result "1-0"]
[WhiteElo "1558"]
[BlackElo "1103"]
[PlyCount "107"]
[EventDate "2023.01.27"]
[EventType "swiss"]
[EventRounds "5"]
[EventCountry "ITA"]
[SourceTitle "EXT 2024"]
[Source "ChessBase"]
[SourceDate "2023.10.10"]
[SourceVersion "1"]
[SourceVersionDate "2023.10.10"]
[SourceQuality "1"]

1. b3 d5 2. Bb2 Nc6 3. e3 Nf6 4. Nf3 Bg4 5. Be2 e6 6. 0-0 Bd6 7. d4 Qe7 8. c4 Bxf3 9. Bxf3 Qd7 10. a3 Rd8 11. c5 Be7 12. b4 a6 13. Nd2 g6 14. Re1 0-0 15. Qb3 b6 16. Rec1 Rfe8 17. Be2 Ra8 18. Rc2 Bf8 19. Rac1 bxc5 20. dxc5 Bg7 21. Nf3 Ng4 22. Bxg7 Kxg7 23. b5 axb5 24. Bxb5 Reb8 25. a4 e5 26. h3 e4 27. Qc3+ f6 28. Nd4 Rxb5 29. axb5 Nxd4 30. Qxd4 Ne5 31. c6 Qf5 32. Qc3 Qg5 33. Kh2 Rb8 34. Rb1 Nc4 35. Qb4 Nd6 36. Qa5 Rb6 37. Qa7 Nxb5 38. Qa5 Nd6 39. Rxb6 cxb6 40. Qxb6 Qf5 41. c7 Nc8 42. Qc6 Kh6 43. Qe8 g5 44. Rc6 d4 45. exd4 Qxf2 46. Qf8+ Kg6 47. Qe8+ Kh6 48. Qf8+ Kg6 49. Qe8+ Kh6 50. Qf8+ Kg6 51. Rc1 e3 52. Qxc8 e2 53. Qe8+ Kf5 54. c8Q+ 1-0